Orfebrería religiosa en la provincia de Segovia hasta 1700 / (Record n. 23018)
[ formato base ]
| 000 -LEADER | |
|---|---|
| fixed length control field | 00770nam a2200229 i 4500 |
| 003 - CONTROL NUMBER IDENTIFIER | |
| control field | IT-RoINE |
| 005 - DATE AND TIME OF LATEST TRANSACTION | |
| control field | 20180301120626.0 |
| 008 - FIXED-LENGTH DATA ELEMENTS--GENERAL INFORMATION | |
| fixed length control field | 840119s1983 sp df |r 001|| spa|d |
| 020 ## - INTERNATIONAL STANDARD BOOK NUMBER | |
| International Standard Book Number | 8430092021 |
| 040 ## - CATALOGING SOURCE | |
| Original cataloging agency | IBH |
| Transcribing agency | SpMaBN IT-RoINE |
| Modifying agency | IT-RoINE |
| 100 1# - MAIN ENTRY--PERSONAL NAME | |
| Personal name | Arnáez, Esmeralda |
| 9 (RLIN) | 45452 |
| 245 10 - TITLE STATEMENT | |
| Title | Orfebrería religiosa en la provincia de Segovia hasta 1700 / |
| Statement of responsibility, etc | Esmeralda Arnáez. |
| 260 ## - PUBLICATION, DISTRIBUTION, ETC. (IMPRINT) | |
| Place of publication, distribution, etc | Madrid : |
| Name of publisher, distributor, etc | Esmeralda Arnáez, |
| Date of publication, distribution, etc | 1983. |
| Place of manufacture | Madrid |
| Manufacturer | Gráf. Cóndor |
| 300 ## - PHYSICAL DESCRIPTION | |
| Extent | 3 v. : |
| Other physical details | il. ; |
| Dimensions | 25 cm. |
| 336 ## - CONTENT TYPE | |
| Source | rdacontent |
| Content type term | text |
| 337 ## - MEDIA TYPE | |
| Source | rdamedia |
| Media type term | unmediated |
| 338 ## - CARRIER TYPE | |
| Source | rdacarrier |
| Carrier type term | volume |
| 500 ## - GENERAL NOTE | |
| General note | Incluye índice. |
| 504 ## - BIBLIOGRAPHY, ETC. NOTE | |
| Bibliography, etc | Incluye bibliografía. |
| 650 #4 - SUBJECT ADDED ENTRY--TOPICAL TERM | |
| Topical term or geographic name as entry element | Orfebrería religiosa |
| Geographic subdivision | España |
| -- | Segovia (Provincia) |
| General subdivision | Historia |
| 9 (RLIN) | 45453 |
| 942 ## - ADDED ENTRY ELEMENTS (KOHA) | |
| Item type | Monografías |
| Withdrawn status | Lost status | Damaged status | Not for loan | Home library | Current library | Date acquired | Total Checkouts | Full call number | Barcode | Date last seen | Price effective from | Koha item type | Public note |
|---|---|---|---|---|---|---|---|---|---|---|---|---|---|
| Iglesia Nacional Española en Roma | Iglesia Nacional Española en Roma | 01/03/2018 | ART.ARQ 732.1 | 48067 | 01/03/2018 | 01/03/2018 | Monografías | T. 1 | |||||
| Iglesia Nacional Española en Roma | Iglesia Nacional Española en Roma | 01/03/2018 | ART.ARQ 732.2 | 48068 | 01/03/2018 | 01/03/2018 | Monografías | T. 2 | |||||
| Iglesia Nacional Española en Roma | Iglesia Nacional Española en Roma | 01/03/2018 | ART.ARQ 732.3 | 48069 | 01/03/2018 | 01/03/2018 | Monografías | T. 3 |